000 01204cam a2200325 i 4500
001 55275
003 Mx-PuUPA
005 20260413093028.0
008 140415s2018 mx a gr 001 0 spa d
020 _a9786070747335
040 _cMx-PuUPA
_aMx-PuUPA
_bspa
_dMx-PuUPA
_erda
041 0 _aspa
100 1 _aSierra, Javier,
_d1971-
_917877
_eautor
245 1 0 _aEl maestro del Prado :
_by las pinturas proféticas /
_cJavier Sierra
250 _aPrimera edición impresa en México en Booket /
_bmarzo
264 1 _aCiudad de México :
_bEditorial Planeta Mexicana,
_c2018
300 _a320 páginas, 3 láminas plegadas sin numerar :
_bilustraciones (a color) ;
_c20 cm
336 _2rdacontent
_atexto
_btxt
337 _2rdamedia
_asin medio
_bn
338 _2rdacarrier
_avolumen
_bnc
650 7 _2armarc
_aComunicación en el arte
_vNovela
650 7 _2armarc
_aMuseo del prado
_vNovela
650 7 _2armarc
_aPintura europea
_vNovela
650 7 _2armarc
_aNovela española
_ySiglo XX
655 4 _aNovela
942 _2ddc
_cLI
_h863.6
_iS57
999 _c55275
_d55275